Wszystkie piosenki - Aleshen - Statystyki

Ogólne statystyki
  • Ten quiz został rozwiązany 122 razy
    112 od ostatniego zresetowania
  • Średni wynik to 9 z 41
Statystyki odpowiedzi
Hint Odpowiedź % Poprawnych
ALESHEN Atlanta
85%
ALESHEN ZAZA
63%
ALESHEN Vanish 2
41%
ALESHEN Wizjoner
41%
ALESHEN Dana
40%
ALESHEN FINI
40%
Kilka snów KILKA SNÓW (feat. vkie)
38%
Spirited Away tabaluga
38%
ALESHEN Temperatura
37%
Spirited Away SPIRITED AWAY
31%
ALESHEN Wavy
31%
ALESHEN WIDZI MI SIĘ
31%
Spirited Away Mango (feat. urboishawty)
30%
Spirited Away sam
30%
Kilka snów GIERA (feat. White Widow)
28%
Kilka snów ANANAS
25%
Kilka snów FAZUJE
23%
Spirited Away Sygnał jak psy 2 (feat. Pako)
23%
Spirited Away lata to (feat. Yung Adisz)
22%
Kilka snów ADRENALINA (feat. Pako)
17%
Kilka snów SKOK
16%
Spirited Away full
15%
Kilka snów SERCE
15%
Kilka snów FON (feat. Duszyn)
14%
Spirited Away GGSTARZ (feat. Jony)
14%
Spirited Away nie przed piekłem
14%
Kilka snów OSIEM (feat. kidzlori)
12%
Kilka snów PALEJAKCHAM (feat. Miszel)
11%
Kilka snów W JEJ WŁOSACH
11%
Kilka snów ZORRO (feat. Jony)
11%
Kilka snów KICKDOWN
10%
ALESHEN Kiedy Pada Deszcz (feat. vkie)
10%
ALESHEN Legendarne Duo (feat. Yung Adisz)
10%
Kilka snów POJ3B4NY
10%
Kilka snów SKLEJE
10%
Kilka snów TAK DUŻO
10%
ALESHEN Termosfera (feat. Waima)
10%
ALESHEN Warszawa (feat. Rusina)
9%
ALESHEN Biały Chłopak Z Bloków (feat. Pako, Jony & vkie)
5%
ALESHEN A Miało Być Tak Pięknie (feat. Pako & Miszel)
1%
ALESHEN Gratuluję (feat. Kronkel Dom & Macias)
1%
Nie znaleziono quizów pasujących do podanych kryteriów
Rozkład punktacji
Procent ludzi z każdym wynikiem
Percentyl według liczby udzielonych odpowiedzi
Twoja historia wyników
Nie rozwiązałeś tego quizu od ostatniego zresetowania